Népesség - és társadalomstatisztikai zsebkönyv 1985

Enregistré dans:
Détails bibliographiques
Format: Livre
Langue:hongrois
Publié: Budapest Központi Statisztikai Hivatal 1986
Édition:1. kiadás.
Tags: Ajouter un tag
Pas de tags, Soyez le premier à ajouter un tag!

MARC

LEADER 00000nam a2200000 4500
001 c033463
005 20221220072142.8
041 0 |a hun 
044 |a HU 
245 1 0 |a Népesség - és társadalomstatisztikai zsebkönyv 1985 
250 |a 1. kiadás. 
264 1 |a Budapest  |b Központi Statisztikai Hivatal  |c 1986 
300 |a 309 s.